| 000 | 00447nam a2200157 a 4500 | ||
|---|---|---|---|
| 001 | 2237 | ||
| 005 | 20180713182231.0 | ||
| 008 | 140415s1962 000 0 spa d | ||
| 041 | _aspa | ||
| 082 |
_a320 _bKWA |
||
| 245 | 0 | 0 |
_aKWAME NKRUMAH : _bUN LIDER Y UN PUEBLO |
| 260 |
_a[s.l.] : _bFONDO DE CULTURA ECONOMICA, _c1962 |
||
| 300 | _a346 | ||
| 490 |
_aPOPULAR TIEMPO PRESENTE _v35 |
||
| 650 | 1 | 4 |
_aAUTOBIOGRAFIA _xCIENCIAS POLITICAS |
| 999 |
_c2237 _d2237 |
||